Normal view
MARC view
- Antineoplastic Agents
Entry Topical Term
001 - CONTROL NUMBER
- control field: 22717
003 - CONTROL NUMBER IDENTIFIER
- control field: NUST
005 - DATE AND TIME OF LATEST TRANSACTION
- control field: 20191003131216.0
008 - FIXED-LENGTH DATA ELEMENTS
- fixed length control field: 191003|| aca||aabn | a|a d
040 ## - CATALOGING SOURCE
- Original cataloging agency: NUST
- Transcribing agency: NUST
150 ## - HEADING--TOPICAL TERM
- Topical term or geographic name entry element: Antineoplastic Agents
- General subdivision: history.
670 ## - SOURCE DATA FOUND
- Source citation: Work cat.: (NUST)0: Marks, Paul A., author. 22714, On the cancer frontier :
